000 00720nam a2200253Ia 4500
003 OSt
005 20221006161009.0
006 a|||||r|||| 00| 0
007 ta
008 221006b |||||||| |||| 00| 0 eng d
020 _a9780824835354
_cRs. 4509.10
024 _a47,069
037 _cTextual
040 _aEASL
_cEASL
_beng
041 _2eng
_aeng
082 _aQ4596:6815.42, Q1
100 _aARAI Paula
_9675657
245 0 _aBringing zen home
_b The healing heart of Japanese women's rituals
260 _aHonolulu
_bUniversity of Hawai'i Press
_c2011
300 _a261p.
_ccm.
490 _v JEL
942 _hQ4596:6815.42, Q1
_cTEXL
_2CC
999 _c1115158
_d1115158